00844nam a2200205 a 4500001001000000005001700010008004100027040001900068050002000087100002800107245015700135260004800292300002200340504003900362505010100401650003500502650005800537700002100595700002200616BRCA_198720190320203628.0970213s1982 dcua---###---#000-0#eng-d aDLCcDLCdDGPO 4aZ269b.R63 19821 aRoberts, Matt T.d1929-10aBookbinding and The Conservation of BooksbA Dictionary of Descriptive TerminologycMatt T. Roberts and Don Etherington ; drawings by Margaret R. Brown. aWashington, D.C.bLibrary of Congressc1982 a4 v.bil.c30 cm. aBibliografía : p. 883-902 (v. 4)0 aContenido : v.1. A-B-C. -- v. 2. D-E-F-G-H-I. -- v.3. J-K-L-M-N-O-P-Q-R. -- v.4. S-T-U-V-W-X-Y-Z14aEncuadernaciónvDiccionarios14aLibrosvDiccionariosxConservación y restauración1 aEtherington, Don1 aBrown, Margaret R